000 00642nam a22001817a 4500
005 20260228114553.0
010 _aBACEN26
020 _c1795.00
_a9789361368370
037 _bN.N. publications
082 _a371.26
100 _aDhillon, Shamshir Singh
_987800
245 _aAssessment and Evaluation in Education:
_bmethods and applictions/
_cby Shamshir Singh Dhillon [and] Ranjit Kaur
260 _bN.N. publications
_c2025
_aDelhi
270 _a29/502, East end apartments, mayur vihar extn. phase-I
_bDelhi
_e110096
300 _a222p.
_c24cm (hb)
700 _aKaur ,Ranjit
_987760
942 _2ddc
_cEN
_h371.26
_mDHI
999 _c215172
_d215172